Blood on the Clocktower Travelers - Statistics

General Stats
  • This quiz has been taken 5 times
  • The average score is 10 of 17
Answer Stats
Answer % Correct
Apprentice
100%
Beggar
80%
Judge
80%
Thief
80%
Voudon
80%
Barista
60%
Butcher
60%
Gunslinger
60%
Harlot
60%
Scapegoat
60%
Bishop
40%
Bone Collector
40%
Bureaucrat
40%
Deviant
40%
Ganster
40%
Gnome
40%
Matron
40%
No matching quizzes found
Score Distribution
Percent of People with Each Score
Percentile by Number Answered
Your Score History
You have not taken this quiz